000 00384nam a22001457a 4500
005 20200610092104.0
008 200610b xxu||||| |||| 00| 0 eng d
082 _a345.4
110 _aALL INDIA REPORTER
_95880
245 _aALL INDIA REPORTER ,2010 (VOL-97), CHHATISGARH SECTION
260 _bALL INDIA REPORTER, PVT LTD.
300 _a192;p
650 _aLAW
_95701
942 _cJRL
999 _c6942
_d6940